00908nam a2200229 a 450000100100000000500170001000800410002704000250006808200160009310000260010924500640013526000540019930000210025344000400027450000210031450001240033565000330045965000260049265000290051895201140054799900170066100003669720200930075859.0090805s1971 ag a 001 0 spa d aDO-SdBNPbspacBNPHU axxxxbL781i1 aLitton, Gaston91483013aLa información en la biblioteca moderna /cGaston Litton. aBuenos Aires :bBowker Editores Argentina,c1971. a189 p. ;c18 cm. 0aBreviarios del bibliotecario951142 aIncluye índice aA pie de portada: Centro Regional de Ayuda Técnica, Agencia para el Desarrollo Internacional, México, Buenos Aires.24aTrabajo bibliotecario96298524aBibliotecarios96298624aBibliotecología952843 001050718MOaGRbGRcCTd2012-01-25iLF1l0oxxxx L781ip36697-10r2020-06-25w2020-06-25y1ZNo se presta c36188d36188